Os du corps humain - Statistiques

Statistiques générales
  • Ce quiz a été pris 4 003 fois
  • Le résultat moyen est 19 sur 49
Statistiques - réponses
Nombre Nom de l'os % Correct
2 Fémur
84%
2 Tibia
81%
24 Côte
78%
2 Radius
77%
2 Humérus
75%
24 Vertèbre
73%
28 Phalange
70%
28 Phalange
70%
2 Clavicule
65%
1 Sternum
57%
2 Ulna
55%
1 Frontal
51%
1 Mandibule
50%
2 Scapula
50%
1 Coccyx
49%
1 Occipital
49%
2 Fibula
45%
2 Temporal
44%
2 Pariétal
43%
1 Sacrum
40%
2 Maxillaire
38%
2 Nasal
34%
2 Zygomatique
34%
2 Scaphoïde
32%
2 Trapèze
32%
1 Sphénoïde
31%
2 Trapèzoïde
30%
2 Talus
29%
2 Lunatum
28%
10 Métacarpien
28%
1 Ethmoïde
27%
2 Cuboïde
26%
2 Hamatum
26%
2 Pisiforme
26%
2 Capitatum
25%
10 Métatarsien
25%
2 Calcanéus
23%
6 Cunéiforme
23%
2 Triquetrum
23%
2 Lacrymal
22%
2 Naviculaire
22%
1 Vomer
22%
2 Palatin
19%
2 Os Coxal
15%
2 Cornet nasal inférieur
11%
1 Os hyoïde
11%
2 Incus
10%
2 Malleus
10%
2 Stapes
9%
Aucun quiz correspondant
Distribution des résultats
% des personnes avec chaque résultat
Percentile par nombre de réponses
Votre historique - résultats
Vous n’avez pas pris ce quiz